मौन से संवाद / (Record no. 112897)

MARC details
000 -LEADER
fixed length control field 01019nam a22002777a 4500
003 - CONTROL NUMBER IDENTIFIER
control field dpl
005 - DATE AND TIME OF LATEST TRANSACTION
control field 20190117105656.0
008 - FIXED-LENGTH DATA ELEMENTS--GENERAL INFORMATION
fixed length control field 190117b ||||| |||| 00| 0 eng d
010 ## - LIBRARY OF CONGRESS CONTROL NUMBER
LC control number B-065932
020 ## - INTERNATIONAL STANDARD BOOK NUMBER
Terms of availability 75.00
035 ## - SYSTEM CONTROL NUMBER
System control number B-065932, B-065933
037 ## - SOURCE OF ACQUISITION
Source of stock number/acquisition Cen Lib/Ret
040 ## - CATALOGING SOURCE
Original cataloging agency DPL
Language of cataloging HN
Transcribing agency 0
082 ## - DEWEY DECIMAL CLASSIFICATION NUMBER
Classification number 821
Item number सहग
100 ## - MAIN ENTRY--PERSONAL NAME
Personal name सहगल, शशि
9 (RLIN) 49649
245 ## - TITLE STATEMENT
Title मौन से संवाद /
Statement of responsibility, etc शशि सहगल
246 ## - VARYING FORM OF TITLE
Title proper/short title Maun se snvaad /
Remainder of title by Shashi Sahgal
260 ## - PUBLICATION, DISTRIBUTION, ETC. (IMPRINT)
Place of publication, distribution, etc दिल्ली
Name of publisher, distributor, etc नेशनल पब्लिशिंग हाउस
Date of publication, distribution, etc 2003
270 ## - ADDRESS
Address डी-439, गली-4, भजनपुरा
City दिल्ली
Postal code 110053
300 ## - PHYSICAL DESCRIPTION
Extent 79पृ.
Dimensions 21सेमी (सजिल्द)
650 ## - SUBJECT ADDED ENTRY--TOPICAL TERM
Topical term or geographic name as entry element हिन्दी साहित्य
9 (RLIN) 49650
650 ## - SUBJECT ADDED ENTRY--TOPICAL TERM
Topical term or geographic name as entry element कविता संग्रह
9 (RLIN) 7
650 ## - SUBJECT ADDED ENTRY--TOPICAL TERM
Topical term or geographic name as entry element Hindi literature
9 (RLIN) 49651
650 ## - SUBJECT ADDED ENTRY--TOPICAL TERM
Topical term or geographic name as entry element Poetry Collection
9 (RLIN) 49652
942 ## - ADDED ENTRY ELEMENTS (KOHA)
Source of classification or shelving scheme Dewey Decimal Classification
Koha item type Hindi Books
Classification part 821
Call number suffix सहग
Holdings
Withdrawn status Lost status Damaged status Not for loan Home library Current library Date acquired Source of acquisition Cost, normal purchase price Total Checkouts Full call number Barcode Date last seen Copy number Cost, replacement price Price effective from Koha item type Source of classification or shelving scheme Collection code
        Central Library Central Library 10/08/2015 Cen Lib/Ret 75.00   821 सहग B-065932 10/08/2015 1 75.00 10/08/2015 Hindi Books    
        Central Library Central Library 08/11/2016 Cen Lib/Ret 75.00   821 सहग B-058320 08/11/2016 2 75.00 08/11/2016 Hindi Books Dewey Decimal Classification  
        Shahdara Branch Shahdara Branch 17/01/2019 BPPD/PUB 75.00   821 सहग B-065933 17/01/2019   75.00 17/01/2019 Hindi Books Dewey Decimal Classification Non-fiction

© Delhi Public Library
Hit Counter
free hit counter